Statistics for Terrible Poetry Meets Geography

Click here to take the quiz!

General Stats

  • This quiz has been taken 95 times
    (94 since last reset)
  • The average score is 19 of 25

Answer Stats

Countries% Correct
India /Indonesia
100%
Algeria / Albania
94%
Armenia / Argentina
92%
Bolivia / Botswana / Bosnia
87%
Germany / Georgia
87%
Bahamas / Bahrain / Bangladesh / Barbados
86%
Guinea Bissau / Guinea / Guyana / Guatemala
85%
Panama / Pakistan / Palau / Papua New Guinea / Paraguay
85%
Venezuela
79%
India / Indonesia
77%
Thailand
77%
Madagascar / Malawi / Malaysia / Maldives / Mali / Malta / Marshall Islands / Mauritania / Mauritius
73%
Angola / Andorra / Antigua
70%
Denmark
70%
Lithuania / Liberia / Liechtenstein / Libya
70%
Madagascar / Malawi / Malaysia / Maldives / Mali / Malta / Marshall Islands / Mauritania / Mauritius
70%
Netherlands / Nepal / New Zealand
69%
Uganda
69%
Thailand
68%
Israel
65%
Kyrgyzstan
63%
Togo / Tonga
63%
Eritrea
62%
St. Kitts / St Vincent / St Lucia
62%
Estonia / Eswatini
58%

Score Distribution

Percentile by Number Answered

Percent of People with Each Score

Your Score History

You have not taken this quiz since the last reset